[Event "White Tower Open"]
[Site "Halkidiki GRE"]
[Date "2000.10.06"]
[Round "4"]
[White "Mikac,M"]
[Black "Milovanovic,Ni"]
[Result "1/2-1/2"]
[WhiteElo "2420"]
[BlackElo "2275"]

1.e4 g6 2.d4 Bg7 3.Nc3 d5 4.exd5 Nf6 5.Bc4 Nbd7 6.Bb3 Nb6 7.Qf3 Bg4 8.Qd3 a5
9.a3 a4 10.Ba2 O-O  1/2-1/2

[Event "Chigorin Mem"]
[Site "St Petersburg RUS"]
[Date "2000.11.05"]
[Round "5"]
[White "Krassilnikov,E"]
[Black "Andreev,Vl"]
[Result "1/2-1/2"]
[WhiteElo "2262"]
[BlackElo "2377"]

1.e4 g6 2.d4 Bg7 3.Nc3 a6 4.g3 b5 5.Bg2 Bb7 6.Be3 d6 7.Qd2 Nd7 8.Nge2 Nb6
9.b3 Nf6 10.f3 h5 11.h3 c6 12.O-O Qc7 13.a4 b4 14.a5 Nbd7 15.Nd1 c5 16.c3 bxc3
17.Ndxc3 cxd4 18.Nxd4 d5 19.exd5 O-O 20.f4 Qd6 21.Nde2 Rfd8 22.Rfd1 Nc5 23.Rab1 Rac8
24.b4 Ncd7 25.Na4 Ba8 26.Qd3 e6 27.Bc5 Nxc5 28.bxc5 Rxc5 29.Nxc5 Qxc5+ 30.Kh1 Qxa5
31.Qc3 Qxc3 32.Nxc3 exd5 33.Na4 h4 34.g4 d4 35.Bxa8 Rxa8 36.Rxd4 Nxg4 37.Rdb4 Nf6  1/2-1/2

[Event "34th Olympiad"]
[Site "Istanbul TUR"]
[Date "2000.11.06"]
[Round "9"]
[White "Rogic,D"]
[Black "Kazhgaleyev,M"]
[Result "1/2-1/2"]
[WhiteElo "2501"]
[BlackElo "2526"]

1.e4 g6 2.d4 Bg7 3.Nc3 Nc6 4.Nf3 d6 5.Be3 Nf6 6.h3 O-O 7.Be2 e5 8.O-O exd4
9.Nxd4 Re8 10.Nxc6 bxc6 11.Bf3 Rb8 12.Rb1 c5 13.Qd2 Bb7 14.Bg5 Qc8 15.Rfe1 Ba8
16.a3 Qe6 17.b3 Qe5 18.Bf4 Qd4 19.Be3 Qxd2 20.Bxd2 Nd7 21.Nd5 c6 22.Nc7 Re7
23.Nxa8 Rxa8 24.g3 Rae8 25.Bg2 Re6 26.Red1 Nf6 27.Be3 Bf8 28.b4 cxb4 29.axb4 Nxe4
30.Bxe4 Rxe4 31.Bxa7 Rc4 32.Rd2 Ra8 33.Be3 Rb8 34.Bf4 Rcxb4 35.Rxb4 Rxb4
36.Bxd6 Bxd6 37.Rxd6 Rc4 38.Rd2 h5  1/2-1/2

[Event "Chigorin Mem"]
[Site "St Petersburg RUS"]
[Date "2000.11.06"]
[Round "6"]
[White "Beshukov,S"]
[Black "Onoprienko,V"]
[Result "1-0"]
[WhiteElo "2428"]
[BlackElo "2330"]

1.e4 g6 2.d4 Bg7 3.Nc3 c5 4.d5 d6 5.Nf3 Nf6 6.Bc4 O-O 7.O-O Na6 8.Re1 Nc7
9.a4 e5 10.dxe6 Bxe6 11.Bxe6 Nxe6 12.Nd5 Nxd5 13.exd5 Nd4 14.c3 Nxf3+ 15.Qxf3 Qd7
16.Bf4 Rfe8 17.h3 c4 18.Re4 Rxe4 19.Qxe4 Rc8 20.Be3 a6 21.Bb6 f5 22.Qe2 Be5
23.Re1 Qf7 24.Qd2 Re8 25.Kf1 Bf6 26.a5 Rxe1+ 27.Kxe1 Qe8+ 28.Qe2 Qxe2+ 29.Kxe2 Kf7
30.Kd2 Ke8 31.Kc2 Kf7 32.Kb1 h5 33.Ka2 Bg5 34.Ka3 Bc1 35.Kb4 Bxb2 36.Be3 Kf6
37.f4 h4 38.Kxc4 Ba3 39.Kb3  1-0

[Event "34th Olympiad"]
[Site "Istanbul TUR"]
[Date "2000.11.07"]
[Round "10"]
[White "Karadeniz,E"]
[Black "Solak,D"]
[Result "1/2-1/2"]
[WhiteElo "2278"]
[BlackElo "2490"]

1.d4 g6 2.e4 Bg7 3.Nc3 a6 4.Be3 d6 5.Qd2 Nd7 6.Nf3 b5 7.a4 b4 8.Na2 a5 9.c3 Bb7
10.Bc4 Ngf6 11.Ng5 O-O 12.f3 d5 13.exd5 Nb6 14.Bb5 Nfxd5 15.Bf2 bxc3 16.Nxc3 e5
17.Nge4 Nxc3 18.bxc3 exd4 19.cxd4 Bxe4 20.fxe4 c5 21.O-O Bxd4 22.Rac1 Kg7
23.Rfd1 Rb8 24.Bxd4+ Qxd4+ 25.Qxd4+ cxd4 26.Rxd4 Rfc8 27.Re1 Rd8 28.Red1 Rxd4
29.Rxd4 Kf6 30.Kf2 Ke5 31.Ke3 Rc8 32.Rd3 Rc1 33.Rb3 Re1+ 34.Be2 Nxa4 35.Kf2 Rc1
36.Ra3 Nc3 37.Rxa5+ Kf4 38.Bd3 Nxe4+ 39.Bxe4 Kxe4 40.Ra7 Rc2+ 41.Kg3 Rc3+
42.Kf2 f5 43.Rxh7 Rc2+ 44.Kf1 Rc1+  1/2-1/2

[Event "3rd Hilton Open"]
[Site "Basle SUI"]
[Date "2001.01.04"]
[Round "4"]
[White "Pavlovic,Mi"]
[Black "Habibi,Al"]
[Result "1-0"]
[WhiteElo "2496"]
[BlackElo "2255"]

1.d4 g6 2.e4 Bg7 3.Nc3 c5 4.dxc5 Bxc3+ 5.bxc3 Nc6 6.Bd3 Qa5 7.Ne2 Qxc5 8.O-O Nf6
9.Rb1 a6 10.c4 d6 11.Nc3 Bg4 12.Qe1 Rb8 13.Be3 Qh5 14.f4 h6 15.Nd5 Be6 16.Nxf6+ exf6
17.f5 gxf5 18.exf5  1-0

[Event "Czech Extra League 2000-1"]
[Site "CZE"]
[Date "2001.01.14"]
[Round "5"]
[White "Berzinsh,R"]
[Black "Tibensky,R"]
[Result "1/2-1/2"]
[WhiteElo "2460"]
[BlackElo "2440"]

1.e4 g6 2.d4 Bg7 3.Nc3 c5 4.Nge2 cxd4 5.Nxd4 Nc6 6.Be3 Nf6 7.Bc4 O-O 8.Bb3 a5
9.f3 d5 10.Bxd5 Nxd5 11.Nxd5 e6 12.Nxc6 bxc6 13.Nb6 Rb8 14.Qxd8 Rxd8 15.Rb1 Ba6
16.Na4 f5 17.Nc5 Bc4 18.b3 g5 19.Bxg5 Rd6 20.Rd1 Rxd1+ 21.Kxd1 Bd4 22.Nd3 fxe4
23.fxe4 Bxd3 24.cxd3 a4 25.bxa4 Rb2 26.Bd2 Rxa2 27.Ke2 Rxa4 28.Rc1 c5 29.Rc2 Kg7
30.Be3 Kf6 31.Bf4 h5 32.Be3 Ke5 33.Kf3 Ra5 34.h3 Rb5 35.Rc4 Rb3 36.Bxd4+ cxd4
37.Rc5+ Kd6 38.Rxh5 Rxd3+ 39.Kf4 Rd2 40.Rg5 Rf2+ 41.Kg3 Rf1 42.Ra5 e5 43.Ra6+ Kc5
44.Ra5+ Kd6 45.Ra6+ Kc5 46.Ra5+  1/2-1/2

[Event "TCh-FRA"]
[Site "Bordeaux FRA"]
[Date "2001.02.02"]
[Round "1"]
[White "Seret,JL"]
[Black "Bellon Lopez,JM"]
[Result "0-1"]
[WhiteElo "2358"]
[BlackElo "2430"]

1.e4 g6 2.d4 Bg7 3.Nc3 c5 4.d5 d6 5.Nf3 Nf6 6.Bb5+ Bd7 7.a4 O-O 8.O-O Na6
9.Re1 Nc7 10.Bf1 a6 11.Bg5 h6 12.Bh4 g5 13.Bg3 Nh5 14.e5 Nxg3 15.hxg3 Bg4
16.exd6 exd6 17.Qd2 Qd7 18.Nh2 Bf5 19.f4 g4 20.Nd1 Rae8 21.Rxe8 Rxe8 22.c3 Qe7
23.Kf2 h5 24.Ne3 Be4 25.Kg1 b5 26.axb5 axb5 27.Ra7 c4 28.Be2 Qd8 29.Rb7 Re7
30.Rb6 Re8 31.Nhf1 Qd7 32.Bd1 Bf8 33.b3 Na8 34.Ra6 Qb7 35.Qa2 cxb3 36.Bxb3 Nb6
37.Ra7 Qc8 38.Qa5 Qc5 39.Rb7 Nc4 40.Qxb5 Qxb5 41.Rxb5 Nxe3 42.Nxe3 Bd3 43.Nc4 Bg7
44.Rb7 Bxc3 45.Nxd6 Bd4+ 46.Kh2 Re1 47.Nxf7 Bg1+ 48.Kh1 h4 49.Nh6+ Kf8 50.Rf7+ Ke8
51.Ba4+ Kd8 52.Rf8+ Kc7 53.d6+ Kb7  0-1

[Event "It"]
[Site "Montecatini Terme ITA"]
[Date "2001.02.12"]
[Round "1"]
[White "Acher,M"]
[Black "Voiska,M"]
[Result "1/2-1/2"]
[WhiteElo "2264"]
[BlackElo "2305"]

1.e4 g6 2.d4 Bg7 3.Nc3 d5 4.exd5 Nf6 5.Bb5+ Nbd7 6.h4 a6 7.Be2 h6 8.Nf3 Nb6
9.Ne5 Nbxd5 10.Nxd5 Nxd5 11.c4 Nf6 12.Bf3 Nd7 13.Bf4 Nxe5 14.Bxe5 Bxe5 15.dxe5 Qxd1+
16.Rxd1 Rb8 17.b3  1/2-1/2

[Event "FSIMB March"]
[Site "Budapest HUN"]
[Date "2001.03.09"]
[Round "6"]
[White "Philippe,C"]
[Black "Jakab,A"]
[Result "0-1"]
[WhiteElo "2356"]
[BlackElo "2308"]

1.e4 g6 2.d4 Bg7 3.Nc3 c5 4.Nf3 Qa5 5.dxc5 Nf6 6.Bd3 Qxc5 7.O-O O-O 8.h3 Nc6
9.Be3 Qh5 10.Be2 Qa5 11.a3 d6 12.Qd2 Be6 13.Bh6 Rad8 14.Bxg7 Kxg7 15.b4 Qc7
16.Qe3 Ne5 17.Nd4 Nc4 18.Nxe6+ fxe6 19.Nb5 Nxe3 20.Nxc7 Nxf1 21.Nxe6+ Kf7
22.Nxd8+ Rxd8 23.Kxf1 Nxe4 24.Bd3 Nc3 25.Ke1 Rc8 26.Kd2 e5 27.Re1 Ke6 28.f4 Kd5
29.fxe5 dxe5 30.Be2 Kd4 31.Kc1 Rf8 32.Kb2 Rf2 33.Bf1 e4 34.g4 e3 35.Bd3 Rd2
36.g5 e2 37.Rg1 Rd1 38.Rg4+ Ke3 39.Bxe2 Nxe2 40.Rh4 Rd7 41.c4 Nf4 42.c5 Kf3
43.Kc3 Ne6 44.Kc4 Nxg5 45.b5 Ne4 46.c6 bxc6 47.bxc6 Re7 48.Kd5 h5 49.a4 a5
50.Kd4 Ng3 51.Kc5 g5 52.Rc4 Nf5 53.Kb6 Nd6 54.Rc3+ Re3 55.Rc5 g4 56.hxg4 hxg4
57.c7 g3 58.Kc6 Nc8 59.Rf5+ Ke2 60.Rg5 Kf2 61.Rg8 g2 62.Rxc8 g1=Q 63.Rf8+ Ke2
64.c8=Q Rc3+ 65.Kb5 Qb1+ 66.Ka6 Qd3+ 67.Kb6 Qd6+  0-1

[Event "FSIMB March"]
[Site "Budapest HUN"]
[Date "2001.03.13"]
[Round "10"]
[White "Philippe,C"]
[Black "Xu Hanbing"]
[Result "1/2-1/2"]
[WhiteElo "2356"]
[BlackElo "2218"]

1.e4 g6 2.d4 Bg7 3.Nc3 d5 4.exd5 Nf6 5.Bb5+ Nbd7 6.Nf3 O-O 7.Bxd7 Bxd7 8.O-O Bf5
9.Re1 Re8 10.Re5 Nd7 11.Re1 Nb6 12.Bf4 Nxd5 13.Nxd5 Qxd5 14.Be5 c6 15.Bxg7 Kxg7
16.Re5 Qd6 17.h3 Rad8 18.Qe2 Be6 19.Re1 Bd5 20.c3 Bxf3 21.Qxf3 Qf6 22.Qe4 e6
23.g4 Rd5 24.Re3 Rxe5 25.dxe5 Qh4 26.Qd4 h5 27.Rd3 hxg4 28.Qxg4 Qxg4+ 29.hxg4 Kf8
30.Rd7 Re7 31.Rd8+ Re8 32.Rd7 Re7 33.Rd6 Re8 34.c4 Ke7 35.c5 f6 36.exf6+ Kxf6
37.Rd7 b6 38.Rxa7 bxc5 39.Rc7 Rb8 40.b3 Rb6 41.Rd7 Rb4 42.f3 Ke5 43.Kf2 c4
44.bxc4 Rxc4 45.Rg7  1/2-1/2

[Event "Open"]
[Site "Bad Woerishofen GER"]
[Date "2001.03.20"]
[Round "6"]
[White "Sprenger,J"]
[Black "Glek,I"]
[Result "1-0"]
[WhiteElo "2326"]
[BlackElo "2551"]

1.e4 g6 2.d4 Bg7 3.Nc3 Nc6 4.f4 d6 5.Bb5 a6 6.Bxc6+ bxc6 7.Nf3 Nf6 8.O-O O-O
9.Qe1 Nd7 10.f5 e6 11.Bg5 f6 12.Bd2 exf5 13.exf5 Re8 14.Qg3 Nf8 15.fxg6 hxg6
16.Nh4 Kh7 17.Rae1 Rb8 18.Ne4 Bd7 19.Bc3 Re6 20.Nf3 Rb5 21.a4 Rd5 22.Bd2 Qe8
23.c4 Rxe4 24.Rxe4 Qxe4 25.cxd5 Qxd5 26.Qh4+ Kg8 27.Bh6 g5 28.Qh5 Bf5 29.Bxg7 Kxg7
30.Qe8 Ng6 31.h3 Be4 32.Qd7+ Kh6 33.Qxc7 Bxf3 34.Rxf3 Qxd4+ 35.Kh1 Nf4 36.Qb8 Qd2
37.Qf8+ Kg6 38.Qe8+ Kh6  1-0

[Event "Bundesliga 2000-1"]
[Site "Bremen GER"]
[Date "2001.03.31"]
[Round "12"]
[White "Thesing,M"]
[Black "Buhmann,R"]
[Result "1-0"]
[WhiteElo "2436"]
[BlackElo "2444"]

1.e4 Nc6 2.Nc3 g6 3.d4 Bg7 4.Nf3 d6 5.Be3 e5 6.dxe5 Nxe5 7.Nxe5 Bxe5 8.Qd2 Nf6
9.O-O-O c6 10.Bd4 Be6 11.f4 Bxd4 12.Qxd4 O-O 13.Qxd6 Qa5 14.Bd3 Rfd8 15.Qe7 Ng4
16.f5 Bxa2 17.Qa3 Qxa3 18.bxa3 Nf2 19.Nxa2 Nxh1 20.Rxh1 Kg7 21.Rf1 Re8 22.Nc3 Re5
23.Kb2 Rd8 24.g4 b5 25.Kb3 a6 26.a4 gxf5 27.gxf5 Rd6 28.axb5 axb5 29.Ra1 Rh6
30.Ra6 Rxh2 31.Rxc6 h5 32.Nd5 h4 33.Ra6 h3 34.Ra1 Rg2 35.Rh1 h2 36.Ne3 Rg3
37.f6+ Kxf6 38.Nd5+ Ke6 39.Rxh2 Rxe4 40.Nc3 Rf4 41.Re2+ Kd7 42.Bxb5+ Kd6
43.Bd3 f5 44.Re1 Kc5 45.Re5+ Kd6 46.Rxf5 Rxf5 47.Bxf5 Ke5 48.Bd3 Rg7 49.Nb5 Kd5
50.Kb4 Rg4+ 51.c4+ Kc6 52.Nc3 Rd4 53.Bg6 Kb6 54.Be4 Rd2 55.c5+ Kc7 56.Nb5+ Kd8
57.c6 Rf2 58.Ka5 Rf6 59.Kb6 Kc8 60.Bf5+ Kb8 61.Bd7 Rh6 62.Nd4 Rd6 63.Be6 Ka8
64.Kc5 Rd8 65.c7 Rf8 66.Kc6 Ka7 67.c8=Q  1-0

[Event "FSIMA April"]
[Site "Budapest HUN"]
[Date "2001.04.12"]
[Round "6"]
[White "Sendur,A"]
[Black "Brustkern,J"]
[Result "1-0"]
[WhiteElo "2303"]
[BlackElo "2263"]

1.e4 g6 2.d4 Bg7 3.Nc3 c5 4.dxc5 Qa5 5.Ne2 Nf6 6.f3 Qxc5 7.Qd3 Nc6 8.Be3 Qa5
9.Nd4 O-O 10.Nb3 Qc7 11.O-O-O d6 12.Qd2 Be6 13.g4 Rfc8 14.Kb1 Ne5 15.Be2 Bc4
16.g5 Nfd7 17.f4 Bxe2 18.Qxe2 Nc4 19.Nd5 Qd8 20.e5 Nxe3 21.Nxe3 Qe8 22.h4 dxe5
23.f5 Rc6 24.h5 Rac8 25.c3 b6 26.Nd2 Nc5 27.Qh2 gxf5 28.Nxf5 Qd7 29.Nxg7 Kxg7
30.Qxe5+ f6 31.gxf6+ exf6 32.Qf4 Rd8 33.Rdg1+ Kh8 34.Rg2 Nd3 35.Qh6 Ne5 36.Rhg1 f5
37.Qg5 h6 38.Qf4 Ng4 39.Nb3 Qd3+ 40.Ka1 Rc4 41.Nd4 Rdxd4 42.cxd4 Rxd4 43.Qc1 Rc4
44.Qe1 Re4 45.Qh4 Qd6 46.a3 Rd4 47.Qe1 Rd3 48.Qe8+ Kh7 49.Qf7+ Kh8 50.Qxf5 Nf6
51.Rg6 Rxa3+ 52.Kb1  1-0

[Event "Foxwoods Open"]
[Site "Connecticut USA"]
[Date "2001.04.12"]
[Round "1"]
[White "Ashley,M"]
[Black "Epstein,E"]
[Result "1-0"]
[WhiteElo "2484"]
[BlackElo "2198"]

1.e4 g6 2.d4 Bg7 3.Nc3 c5 4.dxc5 Qa5 5.Nf3 Qxc5 6.Nd5 Na6 7.Bxa6 bxa6 8.O-O Nf6
9.Be3 Qa5 10.Bd4 Bb7 11.c4 Bxd5 12.exd5 O-O 13.Bc3 Qc7 14.Qa4 Rfc8 15.b3 Nxd5
16.Bxg7 Nb6 17.Qxa6 Kxg7 18.Rad1 d6 19.Rfe1 Re8 20.Qa5 Rac8 21.Nd4 Qb7 22.Rd3 Rc5
23.Nb5 Ra8 24.Qc3+ Kg8 25.Qd4 Rg5 26.f3 Nc8 27.Nc3 Qb6 28.Qxb6 axb6 29.a4 Kf8
30.Kf2 Rga5 31.Nb5 Rb8 32.g4 Rb7 33.h4 h6 34.f4 Rd7 35.Kg3 Na7 36.Nc3 Nc8
37.Nd5 Ra8 38.Rh1 e5 39.Nf6 Re7 40.fxe5 Kg7 41.exd6 Nxd6 42.Rxd6 Re3+ 43.Kf4 Rxb3
44.Rc1 Rxa4 45.g5 Ra2 46.Rd8 Rf2+ 47.Ke5 Rf5+ 48.Kd6 hxg5 49.hxg5 Rxg5 50.Nd7 b5
51.c5 Rd3+ 52.Kc7 b4 53.Rb8 b3 54.c6 Rg2 55.Nc5  1-0

[Event "Astral Open"]
[Site "Bucharest ROM"]
[Date "2001.04.22"]
[Round "1"]
[White "Pali,A"]
[Black "Istratescu,A"]
[Result "0-1"]
[WhiteElo "2124"]
[BlackElo "2561"]

1.e4 g6 2.d4 Bg7 3.Nc3 c5 4.Nf3 cxd4 5.Nxd4 Nc6 6.Be3 Nf6 7.Be2 O-O 8.O-O d6
9.Kh1 a6 10.f4 Qc7 11.Bf3 Nxd4 12.Bxd4 e5 13.Be3 Be6 14.g4 exf4 15.Bxf4 Rfd8
16.Nd5 Bxd5 17.exd5 Nd7 18.c3 Re8 19.Re1 Ne5 20.Bxe5 Rxe5 21.Rxe5 Bxe5 22.Qd2 Rf8
23.Be4 Re8 24.Qg2 Qc4 25.Re1 Qxa2 26.h4 Qa5 27.h5 Qd8 28.Re3 Qh4+ 29.Kg1 Qg5
30.Re2 b5 31.hxg6 hxg6 32.Qf3 f5 33.Rf2 Bd4 34.cxd4 Rxe4 35.Rg2 Rxg4 36.Rxg4 Qxg4+
37.Qxg4 fxg4 38.b4 Kf7  0-1

[Event "Bank Pocztowy Open A"]
[Site "Bydgoszcz POL"]
[Date "2001.05.03"]
[Round "6"]
[White "Ciesla,A"]
[Black "Pacuszka,T"]
[Result "0-1"]
[WhiteElo "2195"]
[BlackElo "2306"]

1.e4 c5 2.Nc3 g6 3.d4 Bg7 4.Be3 Qa5 5.Qd2 cxd4 6.Bxd4 Bxd4 7.Qxd4 Nf6 8.O-O-O Nc6
9.Qe3 d6 10.Bc4 O-O 11.f4 Ng4 12.Qe2 Qc5 13.Rd2 Ne3 14.Bb3 a5 15.Nf3 Be6
16.Na4 Qa7 17.Re1 Bxb3 18.axb3 Ng4 19.Ng5 Nf6 20.e5 Ne8 21.Qg4 dxe5 22.Qh3 h5
23.fxe5 Ng7 24.g4 b5 25.gxh5 Nxh5 26.Nc3 a4 27.Rg2 a3 28.Kb1 axb2 29.Na4 bxa4
30.Nxf7 Nf4 31.Qh6 Rxf7 32.e6 Rf6 33.Reg1 Nxg2 34.Rxg2 Ne5  0-1

[Event "54th ch-RUS"]
[Site "Elista RUS"]
[Date "2001.05.06"]
[Round "6"]
[White "Sveshnikov,E"]
[Black "Potapov,A"]
[Result "1-0"]
[WhiteElo "2571"]
[BlackElo "2490"]

1.e4 g6 2.d4 Bg7 3.Nc3 c5 4.Nf3 cxd4 5.Nxd4 d6 6.Be3 Nf6 7.f3 O-O 8.Qd2 Nc6
9.g4 Nxd4 10.Bxd4 Be6 11.O-O-O Qa5 12.a3 Rfc8 13.h4 Rab8 14.h5 b5 15.h6 Bh8
16.Nd5 Qxd2+ 17.Rxd2 Nxd5 18.exd5 Bxd5 19.Bxh8 Bxf3 20.Rh3 Bxg4 21.Rg3 Be6
22.Bd4 a6 23.Re3 Rc7 24.Bg2 Kf8 25.Rxe6 fxe6 26.Bg7+ Ke8 27.Bh3 Kd7 28.Re2 Rc5
29.Bxe6+ Kc6 30.Re3 Rh5 31.b4 Rd8 32.Rc3+ Kb7 33.Rf3 Kc7 34.Rc3+ Kb7 35.Kb2 d5
36.Re3 Kc6 37.Rc3+ Kb7 38.Rc5 Kb6 39.a4 bxa4 40.Ka3 Kb7 41.Kxa4 Kb6 42.c3 Kb7
43.c4 d4 44.Bd5+ Kb8 45.Bxd4 e6 46.Bf6 exd5 47.Bxd8 dxc4 48.Bg5 Kb7 49.Ka3 Rh3+
50.Ka2 Rh2+ 51.Kb1 Rf2 52.Rxc4 Rf5 53.Rc5 Rf2 54.Kc1 Rg2 55.Bd2 Re2 56.Kc2 Re7
57.Kd3 Rd7+ 58.Kc3 Rf7 59.Be3 Rf3 60.Kd3 Rf7 61.Kd4 Re7 62.Bg5 Re8 63.Re5  1-0

[Event "54th ch-RUS"]
[Site "Elista RUS"]
[Date "2001.05.09"]
[Round "9"]
[White "Sveshnikov,E"]
[Black "Inarkiev,E"]
[Result "0-1"]
[WhiteElo "2571"]
[BlackElo "2469"]

1.e4 g6 2.d4 Bg7 3.Nc3 c5 4.dxc5 Qa5 5.Ne2 Nf6 6.e5 Ng4 7.f4 Qxc5 8.Ne4 Qa5+
9.N2c3 f5 10.exf6 Nxf6 11.Nxf6+ Bxf6 12.Bd2 Bg7 13.h4 Nc6 14.h5 O-O 15.hxg6 h6
16.Rh5 Qb4 17.Qe2 Qxb2 18.Rb1 Qa3 19.Rb3 Qd6 20.f5 Qg3+ 21.Kd1 Nd4 22.Qxe7 Nxf5
23.Bc4+ d5 24.Nxd5 Qg4+ 25.Qe2 Qxe2+ 26.Bxe2 Be6 27.Bc4 Rae8 28.Rxb7 Nd6
29.Rxg7+ Kxg7 30.Bxh6+ Kxg6 31.Bxf8 Bg4+ 32.Kc1 Nxc4 33.Rh6+ Kg5 34.Rh1 Rxf8
35.Re1 Rf5 36.Nb4 Rf2 37.Nd3 Rxg2 38.Ne5 Bf5 39.Nf3+ Kf4 40.Nd4 Be4 41.a4 a5
42.Kb1 Rd2 43.Ne6+ Kf5 44.Re2 Kxe6 45.Rxe4+ Kd5 46.Re8 Kd4 47.Rb8 Rd1+ 48.Ka2 Rc1
49.Rd8+ Kc3 50.Rd3+ Kb4 51.Rb3+ Kxa4 52.Rc3 Kb4 53.Rb3+ Kc5 54.c3 Kc6 55.Rb8 Rc2+
56.Kb3 Rb2+ 57.Ka4 Ra2+ 58.Kb3 Rb2+ 59.Ka4 Nb6+ 60.Kxa5 Rb5+ 61.Ka6 Rb1 62.Ka5 Kc5
63.Ka6 Rb3 64.Rh8 Kc6 65.Rh6+ Kc7 66.Ka5 Rb1 67.Rg6 Nd5 68.c4 Nb6 69.c5 Nd7
70.Ka4 Nxc5+ 71.Ka3 Ne4 72.Ka2 Rb5 73.Re6 Nd6 74.Re3 Nc4 75.Re6 Rb2+ 76.Ka1 Rh2
77.Ra6 Nb6 78.Ra2 Rh3 79.Rg2 Kc6 80.Kb2 Kc5 81.Rg5+ Kb4 82.Kc2 Nc4 83.Rg8 Rc3+
84.Kd1 Re3 85.Kc2 Rc3+ 86.Kd1 Kc5 87.Ke2 Kd4 88.Rd8+ Ke4 89.Re8+ Ne5 90.Kd2 Rc7
91.Re6 Rc8 92.Re7 Kd4 93.Rh7 Ra8 94.Rh4+ Kd5 95.Kc3 Ra3+ 96.Kc2 Rg3 97.Rh8 Nc6
98.Kd2 Ra3 99.Rg8 Kc4 100.Rc8 Kc5 101.Rh8 Kd5 102.Rh5+ Kc4 103.Rh8 Rd3+ 104.Ke2 Nd4+
105.Kf2 Rf3+ 106.Kg2 Rf7 107.Ra8 Kd5 108.Re8 Ne6 109.Kg3 Nc5 110.Rd8+ Ke5
111.Re8+ Kd4 112.Ra8 Ke3 113.Kg4 Rf4+ 114.Kg5 Ne4+ 115.Kg6 Rf6+ 116.Kg7 Rb6
117.Ra1 Kf4 118.Rf1+ Ke5 119.Re1 Rb3 120.Kg6 Rg3+ 121.Kf7 Rh3 122.Kg6  0-1

[Event "TCh-YUG"]
[Site "Herceg Novi YUG"]
[Date "2001.05.21"]
[Round "8"]
[White "Lazic,Mi"]
[Black "Narandzic,V"]
[Result "1/2-1/2"]
[WhiteElo "2475"]
[BlackElo "2378"]

1.d4 g6 2.e4 Bg7 3.Nc3 c5 4.dxc5 Qa5 5.Ne2 Qxc5 6.Be3 Qa5 7.Qd2 Nc6 8.f3 Nf6
9.O-O-O d6 10.Kb1 O-O 11.Bh6 b5 12.Bxg7 Kxg7 13.h4 h5 14.Nc1 b4 15.Nd5 Be6
16.Nb3 Qa4 17.Nxf6 exf6 18.f4 Rad8 19.Be2 f5 20.exf5 Bxf5 21.Bd3 Bg4 22.Rdf1 Rfe8
23.Qf2 Ne7 24.Nd4 Qa5 25.f5 Nxf5 26.Nc6 Qc5 27.Qxc5 dxc5 28.Nxd8 Rxd8 29.Bxf5 Bxf5
30.Rd1 Rc8 31.Rhe1 Be6 32.b3 Kf6 33.Rf1+ Ke5 34.Rde1+ Kd6 35.Kb2 c4 36.Rf4 a5
37.bxc4 Bxc4 38.Re3 Be6 39.a3 Bf5 40.Rd4+ Kc5 41.Rd2 Kb5 42.axb4 axb4 43.g3 Rc5
44.c3 bxc3+ 45.Rxc3 Be6 46.Rd8 Rxc3 47.Kxc3 Kc6 48.Kd3 Kc7 49.Rd4 Bd7 50.Ke4 Kd8
51.Kf4 f6 52.Re4 Bf5 53.Re1 Kd7 54.Ke3 Kd6 55.Kd4 Bd7 56.Ra1 Ke6 57.Ra7 Be8
58.Ke4 Bc6+ 59.Kf4 Bb5 60.Rb7 Ba4 61.Rb6+ Ke7 62.Ke4 Bd1 63.Kd4 Bf3 64.Kc5 Ba8
65.Ra6 Bf3 66.Ra3 Bg2 67.Re3+ Kd7 68.Re2 Ba8  1/2-1/2

[Event "Master Open"]
[Site "Lausanne SUI"]
[Date "2001.05.27"]
[Round "8"]
[White "Masserey,Y"]
[Black "Adianto,U"]
[Result "0-1"]
[WhiteElo "2373"]
[BlackElo "2589"]

1.e4 g6 2.d4 Bg7 3.Nc3 c5 4.dxc5 Bxc3+ 5.bxc3 Nc6 6.Be3 Qa5 7.Qd2 Nf6 8.f3 O-O
9.Bd3 b6 10.cxb6 axb6 11.Ne2 d5 12.Nd4 Ne5 13.Nb3 Qa4 14.exd5 Nxd5 15.O-O Nc4
16.Bxc4 Qxc4 17.Bd4 f6 18.Qf2 Ba6 19.Rfe1 Qc6 20.a4 e5 21.Be3 Rfc8 22.a5 bxa5
23.Rxa5 Nxc3 24.Nc5 Bc4 25.Rxa8 Rxa8 26.Qd2 Nd5 27.Bf2 Re8 28.Ne4 Kg7 29.Nc3 Nf4
30.Ne4 Bd5 31.Bg3 Bxe4 32.Bxf4 Bf5 33.Be3 Qc7 34.c3 Rd8 35.Qb2 Rd3 36.Bb6 Qc6
37.Bf2 Rxc3 38.Qb6 Qd7 39.Qa7 Rc7 40.Qa3 h5 41.Qe3 Qa4 42.Qb6 Rd7 43.Qb8 Qc2
44.Qe8 Qc7 45.Be3 Qc3 46.Bf2 Qc6 47.h3 Be6 48.Be3 Bf7 49.Qb8 Qc3 50.Bf2 g5
51.Qb6 Bg6 52.Qe3 Qb2 53.Qb6 Qc2 54.Be3 Qd3 55.Bf2 Bf5 56.Qe3 Qc2 57.Qc5 Qb2
58.Qc1 Qb3 59.Qe3 Qa4 60.Qc5 g4 61.hxg4 hxg4 62.Bg3 gxf3 63.gxf3 Kh7 64.Kf2 Qa2+
65.Re2 Qf7 66.f4 Rd5 67.Qc1 Bg4 68.Rd2 Qa7+ 69.Kg2 Qe3 70.Qc7+ Kh6 71.Rxd5 Bf3+
72.Kh3 Qe2 73.Qd7 Bg2+ 74.Kh2 Bxd5+ 75.Kh3 Bg2+ 76.Kh2  0-1

[Event "2nd IECC"]
[Site "Ohrid MKD"]
[Date "2001.06.10"]
[Round "9"]
[White "Khruschiov,A"]
[Black "Blatny,P"]
[Result "1-0"]
[WhiteElo "2400"]
[BlackElo "2547"]

1.e4 g6 2.d4 Bg7 3.Nc3 c5 4.Nf3 Qa5 5.Be3 Nf6 6.Qd2 cxd4 7.Nxd4 Nc6 8.f3 d6
9.Bc4 Bd7 10.O-O-O Ne5 11.Bb3 Rc8 12.Kb1 Nc4 13.Bxc4 Rxc4 14.Nde2 Qa6 15.g4 Be6
16.Bd4 O-O 17.g5 Nd7 18.Bxg7 Kxg7 19.h4 Rfc8 20.h5 b5 21.Nf4 Rxc3 22.Nxe6+ fxe6
23.bxc3 Ne5 24.hxg6 hxg6 25.f4 Nc4 26.Qd4+ e5 27.Qd5 Rf8 28.Qe6 Qb7 29.f5 gxf5
30.Rh7+  1-0

[Event "SWYM"]
[Site "Witley ENG"]
[Date "2001.07.18"]
[Round "6"]
[White "Middelburg,T"]
[Black "Skytte,R"]
[Result "1/2-1/2"]
[WhiteElo "2373"]
[BlackElo "2342"]

1.e4 g6 2.d4 Bg7 3.Nc3 d5 4.Nf3 Nf6 5.e5 Ne4 6.Nxe4 dxe4 7.Ng5 c5 8.Bc4 O-O
9.c3 cxd4 10.cxd4 Nc6 11.Be3 Qa5+ 12.Kf1 Qb4 13.Qb3 Qxb3 14.Bxb3 Bf5 15.Rg1 Rad8
16.g4 Bc8 17.Rd1 Na5 18.Bc2 Nc4 19.Nxe4 Nxb2 20.Rb1 Nc4 21.Rb4 Nxe3+ 22.fxe3 f6
23.Bb3+ Kh8 24.exf6 exf6 25.Nc5 Rde8 26.Nxb7 Rxe3 27.Nd6 Re7 28.Kf2 f5 29.g5 Rd7
30.Nxc8 Rxc8 31.Rd1 Rcd8 32.d5 Bf8 33.Rc4 Bd6 34.h4 Re7 35.Rc6  1/2-1/2

[Event "XXI Open"]
[Site "Cullera ESP"]
[Date "2001.07.20"]
[Round "2"]
[White "Martinez Gil,J"]
[Black "Dolezal,C"]
[Result "1/2-1/2"]
[WhiteElo "2055"]
[BlackElo "2392"]

1.e4 g6 2.d4 Bg7 3.Nc3 c5 4.d5 d6 5.Bd3 a6 6.a4 Nf6 7.Nge2 O-O 8.O-O b6 9.f4 Bg4
10.Qe1 Bxe2 11.Nxe2 c4 12.Bxc4 Nxe4 13.f5 Qc7 14.Bd3 Nc5 15.fxg6 Nxd3 16.gxf7+ Kh8
17.cxd3 Qc5+ 18.Kh1 Qxd5 19.Nc3 Qe5 20.Qxe5 Bxe5 21.Nd5 Ra7 22.Nxb6 Kg7 23.Nc4 Bf6
24.Rb1 Nc6 25.b4 Rb7 26.b5 Rfb8 27.bxc6 Rxb1 28.f8=Q+ Rxf8 29.Bh6+ Kxh6 30.Rxb1 Bd4
31.Rc1  1/2-1/2

[Event "Pricenet Cup"]
[Site "Olomouc CZE"]
[Date "2001.08.03"]
[Round "3"]
[White "Bjornsson,S"]
[Black "Skytte,R"]
[Result "1/2-1/2"]
[WhiteElo "2297"]
[BlackElo "2342"]

1.e4 g6 2.d4 Bg7 3.Nc3 d5 4.exd5 Nf6 5.Bb5+ Nbd7 6.Bg5 O-O 7.Qd2 Nb6 8.O-O-O Nbxd5
9.Nge2 c6 10.Bc4 b5 11.Bxd5 cxd5 12.f3 b4 13.Nb1 a5 14.g4 Ba6 15.h4 Qc7 16.h5 Bxe2
17.Qxe2 h6 18.Be3 g5 19.Qh2 Rfc8 20.Rdg1 Qxh2 21.Rxh2 Ra6  1/2-1/2

[Event "Lost Boys Open"]
[Site "Amsterdam NED"]
[Date "2001.08.10"]
[Round "1"]
[White "Pel,B"]
[Black "Day,L"]
[Result "0-1"]
[WhiteElo "2191"]
[BlackElo "2367"]

1.Nc3 g6 2.e4 Bg7 3.d4 c5 4.dxc5 Bxc3+ 5.bxc3 Nf6 6.Bd3 Qa5 7.Nf3 Qxc3+ 8.Bd2 Qxc5
9.O-O d6 10.Rb1 Nbd7 11.Re1 a6 12.Qc1 O-O 13.Bb4 Qc7 14.Qa3 Re8 15.Bc3 e5
16.Nd2 Nc5 17.Ba5 Qe7 18.Bb6 Be6 19.f4 exf4 20.e5 Nfd7 21.exd6 Qxd6 22.Ba5 Qd4+
23.Kh1 Nxd3 24.cxd3 Bf5 25.Ne4 Bxe4 26.dxe4 Ne5 27.Rxb7 Nd3 28.Bb6 Rxe4 29.Rb1 Nf2+
30.Kg1 Nd1+  0-1

[Event "WJun"]
[Site "Athens GRE"]
[Date "2001.08.20"]
[Round "5"]
[White "Zenklusen,R"]
[Black "Alvarez,Joh"]
[Result "0-1"]
[WhiteElo "2220"]
[BlackElo "2382"]

1.e4 g6 2.d4 Bg7 3.Nc3 c5 4.Nf3 cxd4 5.Nxd4 Nc6 6.Be3 Nf6 7.Bc4 O-O 8.Bb3 d6
9.f3 Bd7 10.Qd2 Nxd4 11.Bxd4 b5 12.h4 a5 13.h5 e6 14.a4 bxa4 15.Nxa4 Bc6
16.hxg6 hxg6 17.Be3 d5 18.e5 Nd7 19.Bg5 Qb8 20.f4 Bxa4 21.Rxa4 Nc5 22.Bf6 Nxa4
23.Qe3 Qb4+ 24.Kd1 Rfc8 25.Qh3 Qd4+  0-1

[Event "21st Open"]
[Site "Bratto ITA"]
[Date "2001.08.22"]
[Round "1"]
[White "Bertazzo,G"]
[Black "Bellini,F"]
[Result "1/2-1/2"]
[WhiteElo "2150"]
[BlackElo "2499"]

1.e4 g6 2.d4 Bg7 3.Nc3 a6 4.Be3 b5 5.a3 Bb7 6.Qd2 d6 7.f3 Nd7 8.Nge2 c5 9.h4 h5
10.Rd1 cxd4 11.Bxd4 Bxd4 12.Qxd4 Ngf6 13.Nd5 Bxd5 14.exd5 Rc8 15.Nc3 Qb6
16.Be2 Qc5 17.g4 Nb6 18.g5 Qxd4 19.Rxd4 Rxc3 20.bxc3 Nfxd5 21.Kd2 e5 22.Re4 Nf4
23.Bd3 Kd7 24.Rb1 Kc7 25.Rxf4 exf4 26.Rb4 Re8 27.Rxf4 Re7 28.c4 Kc6 29.cxb5+ axb5
30.Rb4 Re5 31.Rf4 Re7 32.Rb4 Re5 33.Rf4 Re7  1/2-1/2

[Event "Rubinstein Open"]
[Site "Polanica Zdroj POL"]
[Date "2001.08.23"]
[Round "8"]
[White "Hnydiuk,A"]
[Black "Gritsak,O"]
[Result "0-1"]
[WhiteElo "2362"]
[BlackElo "2499"]

1.e4 c5 2.Nc3 g6 3.d4 Bg7 4.dxc5 Bxc3+ 5.bxc3 Qa5 6.Qd4 Nf6 7.f3 Nc6 8.Qe3 O-O
9.Bd2 b6 10.cxb6 axb6 11.Ne2 Ne5 12.Nd4 Ba6 13.Bxa6 Rxa6 14.Qe2 Rc8 15.Qb5 Nc4
16.Qxa5 Rxa5 17.Nb3 Ra4 18.Bg5 Kg7 19.Nd4 d6 20.O-O Na3 21.Bc1 Nc4 22.Bg5 Ne8
23.Rfe1 e5  0-1

[Event "21st Open"]
[Site "Bratto ITA"]
[Date "2001.08.26"]
[Round "5"]
[White "Di Fonzo,V"]
[Black "Bellini,F"]
[Result "0-1"]
[WhiteElo "2223"]
[BlackElo "2499"]

1.e4 g6 2.d4 Bg7 3.Nc3 c5 4.Nf3 cxd4 5.Nxd4 Nc6 6.Be3 Nf6 7.Be2 O-O 8.O-O d6
9.Nb3 b6 10.f4 Bb7 11.Bf3 Nd7 12.Qd2 Rc8 13.Rad1 Nc5 14.Nxc5 bxc5 15.Nd5 Nd4
16.c4 e6 17.Nc3 f5 18.Nb5 e5 19.Bxd4 cxd4 20.exf5 e4 21.fxg6 exf3 22.gxh7+ Kh8
23.Nxd4 Qb6 24.Rf2 Bxd4 25.Qxd4+ Qxd4 26.Rxd4 fxg2 27.f5 Rfe8 28.Rd1 Rc5
29.f6 Rce5 30.Rxg2 Bxg2 31.f7 Rf8 32.Kxg2 Rxf7 33.Rxd6 Rg5+  0-1